000
00278nam a2200121Ia 4500
008
190216s9999||||xx |||||||||||||| ||und||
100
_a
Gaur V K
245
0
_a
Science : A Text Book For Class Viii
260
_b
Ncert
_c
2003
300
_a
244
650
_a
Science
942
_c
REF
999
_c
36675
_d
36675